Click All Codes Without Vowels - Sudden Death - Statistics

General Stats
  • This quiz has been taken 372 times
  • The average score is 12 of 13
Answers on the Grid
Answers color-coded by a green-red scale on the quiz's grid according to % correct below.
RZTPM
ZOPLU
KQWLM
AQJSNEYWUQ
DGQWPLMDFG
PZFGNQKSXW
DPVBHTZXNB
LKZQAMBVRL
PQZTROMDFGUYXAS
KPWSGMVCBWSDRTV
LLZVCHMNMMTZGPL
PLKKPLLKPSWMBBC
WJENEBEUSHWBSUD
LKHDJSHFGSXCAWH
FWSDPLKZTCVRXSJ
CWCMHZGTPLKBVMC
GHJKLPOKJGFYSDW
RTZTTRWMPLCHGFM
QPQWZMNXSHDFGHJLKSHW
BZTWRTMKLDHPLMXCVBSN
 
Answer Stats
Answer % Correct
RZTPM
98%
DGQWPLMDFG
97%
DPVBHTZXNB
92%
KPWSGMVCBWSDRTV
92%
KQWLM
91%
LLZVCHMNMMTZGPL
91%
PZFGNQKSXW
90%
FWSDPLKZTCVRXSJ
88%
QPQWZMNXSHDFGHJLKSHW
86%
CWCMHZGTPLKBVMC
85%
RTZTTRWMPLCHGFM
85%
BZTWRTMKLDHPLMXCVBSN
82%
PLKKPLLKPSWMBBC
81%
No matching quizzes found
Score Distribution
Percent of People with Each Score
Percentile by Number Answered
Your Score History
You have not taken this quiz